00563nam a22001812 4500001001100000005001700011008004100028020001700069040001500086100003100101245007200132250001300204260004700217300001800264650004000282650005600322852000300378000001902620151217152143.0100831s xx 000 0 eng d a0138138222 : aKABUcKABU1 aRice, Michael.@000017856910aDigital communications :ba discrete-time approach /cMichael Rice. a1st ed. aUpper Saddle River, NJ. :bPearson,c2009. axxii, 778 p. 0aDigital communications.@0000157685 0aSignal processing xDigital techniques.@00001700241